| 000 | 00773cam a2200289 4500500 | ||
|---|---|---|---|
| 005 | 20260329004718.0 | ||
| 041 | _afre | ||
| 042 | _adc | ||
| 100 | 1 | 0 |
_aGastineau, Nicolas _eauthor |
| 245 | 0 | 0 | _aLa machine infernale |
| 260 | _c2020. | ||
| 500 | _a27 | ||
| 690 | _aConflit | ||
| 690 | _aDigital | ||
| 690 | _aIndignation | ||
| 690 | _aInternet | ||
| 690 | _aLevinas | ||
| 690 | _aMorale | ||
| 690 | _aNicholas Carr | ||
| 690 | _aNuance | ||
| 690 | _aNumérique | ||
| 690 | _aPhénoménologie | ||
| 690 | _aRéseaux sociaux | ||
| 690 | _aTwitter | ||
| 786 | 0 | _nPhilosophie magazine | 145 | 1 | 2020-12-01 | p. 42-43 | 1951-1787 | |
| 856 | 4 | 1 | _uhttps://shs.cairn.info/magazine-philosophie-magazine-2020-12-1-page-42?lang=fr&redirect-ssocas=7080 |
| 999 |
_c1836527 _d1836527 |
||